000 01161nam0a2200337 4500
001 RU\NLR\bibl\1120333
005 20260406122946.0
010 _a978-5-17-008301-5
_bАСТ
010 _a978-5-9713-3084-4
_bАСТ МОСКВА
010 _a978-5-97623397-3
_bХРАНИТЕЛЬ
010 _a978-5-17-018594-8
_bАСТ
010 _a978-5-9713-3961-8
_bАСТ МОСКВА
010 _a978-5-9762-3394-2
_bХРАНИТЕЛЬ
_93000
021 _aRU
_b2007-45731
_92439
035 _a(NLR Aleph) 001107318
090 _a1216025
_c1216025
100 _a20070823d2007 |||y0rusy50 ca
101 1 _arus
_ceng
102 _aRU
105 _ay z |||||
200 1 _aПленница судьбы
_e[роман]
_fБертрис Смолл
_g[пер. с англ. Т.А. Перцевой]
210 _aМосква
_cАСТ [и др.]
_d2007
215 _a317, [1] с.
_d17
225 1 _aМини-шарм
225 1 _aОчарование
700 1 _4070
_7ca
_8rus
_aСмолл
_bБ.
_f1937-2015
_gБертрис
_3RU\NLR\AUTH\77816
_9110856
801 0 _aRU
_bNLR
_c20070823
_gRCR
801 1 _aRU
_bNLR
_c20070823
942 _cBOOK
980 _aNB